| 000 | 00575nam a22001697a 4500 | ||
|---|---|---|---|
| 003 | OSt | ||
| 005 | 20251125111357.0 | ||
| 008 | 251125b |||||||| |||| 00| 0 eng d | ||
| 020 | _a0-06-069062-3 | ||
| 040 |
_aDWC-Main lib _cOC |
||
| 082 | _aCirc. 282.092 W519 1996 | ||
| 100 | _aWest, M. | ||
| 245 |
_aA view from the ridge : _bthe testimony of a twentieth-century christian _cWest, Morris |
||
| 260 |
_aUSA : _bHarper San Francisco, _c c1996 |
||
| 300 |
_a155 pages : _c22 cm. |
||
| 942 |
_2ddc _cBK-CIRC _hCirc. 282.092 W519 1996 _kCirc. _n0 |
||
| 999 |
_c6233 _d6233 |
||